<?xml version="1.0" encoding="UTF-8"?>
<collection xmlns="http://www.loc.gov/MARC21/slim">
 <record>
  <leader>02166nam a2200265 a 4500</leader>
  <controlfield tag="001">1/44688</controlfield>
  <controlfield tag="008">140625s2001    us            001 0 eng  </controlfield>
  <datafield tag="020" ind1=" " ind2=" ">
   <subfield code="a">9781928994831</subfield>
  </datafield>
  <datafield tag="020" ind1=" " ind2=" ">
   <subfield code="a">1928994830</subfield>
  </datafield>
  <datafield tag="035" ind1=" " ind2=" ">
   <subfield code="l">47642</subfield>
  </datafield>
  <datafield tag="040" ind1=" " ind2=" ">
   <subfield code="a">OPELS</subfield>
   <subfield code="b">eng</subfield>
   <subfield code="c">OPELS</subfield>
   <subfield code="d">OPELS</subfield>
   <subfield code="d">BAKER</subfield>
   <subfield code="d">OPELS</subfield>
   <subfield code="d">OCLCQ</subfield>
   <subfield code="d">OCLCF</subfield>
   <subfield code="d">GR-PeUP</subfield>
  </datafield>
  <datafield tag="245" ind1="0" ind2="0">
   <subfield code="a">Cicso [sic] AVVID and IP telephony</subfield>
   <subfield code="h">[electronic resource] :</subfield>
   <subfield code="b">design &amp; implementation /</subfield>
   <subfield code="c">Robert Padjen ... [et al.] ; Martin Walshaw, technical editor.</subfield>
  </datafield>
  <datafield tag="246" ind1="3" ind2=" ">
   <subfield code="a">Cisco AVVID and IP telephony :</subfield>
   <subfield code="b">design &amp; implementation</subfield>
  </datafield>
  <datafield tag="260" ind1=" " ind2=" ">
   <subfield code="a">Rockland, Mass. :</subfield>
   <subfield code="b">Syngress Pub.,</subfield>
   <subfield code="c">c2001.</subfield>
  </datafield>
  <datafield tag="300" ind1=" " ind2=" ">
   <subfield code="a">1 online resource (xxv, 492 p.) :</subfield>
   <subfield code="b">ill.</subfield>
  </datafield>
  <datafield tag="520" ind1=" " ind2=" ">
   <subfield code="a">Corporate demand for AVVID solutions is rapidly increasing - engineers will need this book Cisco AVVID (Architecture for Voice, Video and Integrated Data), the latest development from Cisco Systems, is redefining the way businesses communicate. AVVID allows businesses to transmit voice, data, and video over a single integrated architecture called a &quot;multiservice&quot; or &quot;converged&quot; network. Cisco AVVID Design &amp; Implementation is designed to be a complete desk-reference for network administrators and engineers responsible for a complicated AVVID network. Covering history, protocols, hardware, servers, switches, bridges, routers, and discussions about implementation issues, realities of cost, requirements and network limitations. Engineers will learn how to design and build a comprehensive Cisco AVVID network infrastructure. Follows on from the successful Configuring Cisco AVVID Cisco engineers and other IT professionals will find this an indispensable guide when implementing AVVID Author is Systems Engineer at Cisco Unrivalled web support at solutions@syngress.com.</subfield>
  </datafield>
  <datafield tag="650" ind1=" " ind2="4">
   <subfield code="a">Computer network architectures.</subfield>
  </datafield>
  <datafield tag="650" ind1=" " ind2="4">
   <subfield code="a">Multimedia systems.</subfield>
  </datafield>
  <datafield tag="655" ind1=" " ind2="4">
   <subfield code="a">Electronic books.</subfield>
  </datafield>
  <datafield tag="700" ind1="1" ind2=" ">
   <subfield code="a">Padjen, Robert.</subfield>
  </datafield>
  <datafield tag="700" ind1="1" ind2=" ">
   <subfield code="a">Walshaw, Martin.</subfield>
  </datafield>
  <datafield tag="852" ind1=" " ind2=" ">
   <subfield code="a">INST</subfield>
   <subfield code="b">UNIPILB</subfield>
   <subfield code="c">EBOOKS</subfield>
   <subfield code="e">20140625</subfield>
   <subfield code="p">00b47642</subfield>
   <subfield code="q">00b47642</subfield>
   <subfield code="t">ONLINE</subfield>
   <subfield code="y">0</subfield>
  </datafield>
  <datafield tag="856" ind1="4" ind2="0">
   <subfield code="3">ScienceDirect</subfield>
   <subfield code="u">http://www.sciencedirect.com/science/book/9781928994831</subfield>
  </datafield>
  <datafield tag="856" ind1="4" ind2=" ">
   <subfield code="d">/webopac/covers/03/47642_9781928994831.jpg</subfield>
  </datafield>
  <datafield tag="856" ind1="4" ind2=" ">
   <subfield code="d">/webopac/covers/03/47642_1928994830.jpg</subfield>
  </datafield>
 </record>
</collection>
